<?xml version="1.0" encoding="UTF-8"?>
<collection xmlns="http://www.loc.gov/MARC21/slim">
 <record>
  <leader>01501pamaa2200217   4500</leader>
  <controlfield tag="001">0000043254</controlfield>
  <controlfield tag="005">20121206090000.0</controlfield>
  <controlfield tag="008">080131                             eng  </controlfield>
  <datafield tag="020" ind1="0" ind2="0">
   <subfield code="a">9780199286416 (pbk.) </subfield>
  </datafield>
  <datafield tag="090" ind1="0" ind2="0">
   <subfield code="a">HB171.5 </subfield>
   <subfield code="b">LIP 2007</subfield>
  </datafield>
  <datafield tag="100" ind1="1" ind2="0">
   <subfield code="a">Lipsey </subfield>
  </datafield>
  <datafield tag="245" ind1="1" ind2="0">
   <subfield code="a">Economics  </subfield>
   <subfield code="c">Richard G. Lipsey &amp; K. Alec Chrystal.</subfield>
  </datafield>
  <datafield tag="250" ind1="0" ind2="0">
   <subfield code="a">11th ed.</subfield>
  </datafield>
  <datafield tag="260" ind1="0" ind2="0">
   <subfield code="a">Oxford ; New York: </subfield>
   <subfield code="b">Oxford University Press, </subfield>
   <subfield code="c">2007.</subfield>
  </datafield>
  <datafield tag="300" ind1=" " ind2=" ">
   <subfield code="a">xix, 665 p.: </subfield>
   <subfield code="b">col. ill.; </subfield>
   <subfield code="c">26 cm.</subfield>
  </datafield>
  <datafield tag="500" ind1="0" ind2="0">
   <subfield code="a">Economic issues and concepts -- How economists work -- Demand, supply, and price -- Elasticity of demand and supply -- Consumer choice : indifference theory -- the cost structure of firms -- Perfect competition -- Monopoly -- Imperfect competition -- Demand and supply of inputs -- The labour market -- Capital, investment, and new technology --Market failure -- The role of government -- Macroeconomic issues and measurement -- A basic model of the determination of GDP in the short term -- GDP in an open economy with government -- GDP and the price level in the short run -- GDP and the price level in the long run -- Money and monetary institutions -- The role of money in macroeconomics -- The balance of payments and exchange rates -- Macroeconomic policy in an open economy -- Inflation -- unemployment --Economic growth -- International trade</subfield>
  </datafield>
  <datafield tag="501" ind1="0" ind2="0">
   <subfield code="a">DBMN</subfield>
  </datafield>
  <datafield tag="504" ind1="0" ind2="0">
   <subfield code="a">Includes bibliographical references (p. [652]) and index</subfield>
  </datafield>
  <datafield tag="650" ind1="0" ind2="0">
   <subfield code="a">Economics </subfield>
  </datafield>
  <datafield tag="700" ind1="1" ind2="1">
   <subfield code="a">Chrystal, </subfield>
   <subfield code="h">K. Alec </subfield>
  </datafield>
  <datafield tag="901" ind1=" " ind2=" ">
   <subfield code="u">http://www.oup.com</subfield>
  </datafield>
 </record>
</collection>
